Antología crítica de la poesía chilena

Tallennettuna:
Bibliografiset tiedot
Aineistotyyppi: Kirja
Kieli:espanja
Julkaistu: Santiago LOM 1996
Sarja:Coleccion Entre Mares
Aiheet:
Tagit: Lisää tagi
Ei tageja, Lisää ensimmäinen tagi!

MARC

LEADER 00000nam a2200000 a 4500
001 UCS4461
003 CL-VaPUC
005 20240923095547.0
008 970801e19960000CL |||||||||||||||||spa|d
999 |c 261496  |d 261494 
040 |c Pontificia Universidad Católica de Valparaíso 
082 0 4 |a Ch861.9  |b ANT  |2 21 
245 1 0 |a Antología crítica de la poesía chilena 
260 |a Santiago  |b LOM  |c 1996 
300 |a v 
490 0 |a Coleccion Entre Mares 
500 |a v.1: Fundación Nacional, Modernismo y crítica social 
500 |a v.2: Poesía de las vanguardias: las transformaciones de la modernidad 
583 |a last modification  |c 19970801 00:00:00  |k Rodrigo Vera 
600 0 7 |a BELLO, ANDRES  |2 CL-VaPUC  |9 390299 
600 0 7 |a SANFUENTES, SALVADOR  |2 CL-VaPUC  |9 315181 
600 0 7 |a BARRA, EDUARDO DE LA  |2 CL-VaPUC  |9 390300 
600 0 7 |a DARIO, RUBEN  |2 CL-VaPUC  |9 268402 
600 0 7 |a TONDREAU, NARCISO  |2 CL-VaPUC  |9 390301 
600 0 7 |a FERNANDEZ MONTALVA, RICARDO  |2 CL-VaPUC  |9 390302 
600 0 7 |a GONZALEZ, PEDRO ANTONIO  |2 CL-VaPUC  |9 390303 
600 0 7 |a VICUÑA CIFUENTES, JULIO  |2 CL-VaPUC  |9 390304 
600 0 7 |a WINTER, AUGUSTO  |2 CL-VaPUC  |9 360241 
600 0 7 |a VARELA, ABELARDO  |2 CL-VaPUC  |9 390305 
600 0 7 |a BORQUEZ SOLAR, ANTONIO  |2 CL-VaPUC  |9 390306 
600 0 7 |a ESCOBAR, ZOILO  |2 CL-VaPUC  |9 390307 
600 0 |a Hurtado López, Luis A   |d 1877-1954  |9 349583 
600 0 7 |a DUBLE URRUTIA, DIEGO  |2 CL-VaPUC  |9 390309 
600 0 7 |a ROCUANT, MIGUEL LUIS  |2 CL-VaPUC  |9 390310 
600 0 7 |a CONTRERAS, FRANCISCO  |2 CL-VaPUC  |9 352771 
600 0 |a Magallanes Moure, Manuel,  |d 1878-1924  |9 390311 
600 0 7 |a KEIMER, CARLOS  |2 CL-VaPUC  |9 390312 
600 0 |a Pezoa Véliz, Carlos   |d 1879-1908  |9 322063 
600 0 7 |a GONZALEZ BASTIAS, JORGE  |2 CL-VaPUC  |9 348861 
600 0 7 |a GONZALEZ, ABEL  |2 CL-VaPUC  |9 390313 
600 0 7 |a CONTARDO, LUIS FELIPE  |2 CL-VaPUC  |9 390314 
600 0 7 |a MAURET CAAMAÑO,ALBERTO  |2 CL-VaPUC  |9 390315 
600 0 |a Mondaca Cortés, Carlos Roberto,  |d 1881-1928  |9 510621 
600 0 7 |a DOMINGO SILVA, VICTOR  |2 CL-VaPUC  |9 390317 
600 0 7 |a LAGOS LISBOA, JERONIMO  |2 CL-VaPUC  |9 390318 
600 0 7 |a SILVA HUMERES, ANDRES  |2 CL-VaPUC  |9 390319 
600 0 7 |a RODRIGUEZ, JUAN MANUEL  |2 CL-VaPUC  |9 390320 
600 0 7 |a PRADO, PEDRO  |2 CL-VaPUC  |9 315575 
600 0 |a Jara, Max  |d 1886-1965  |9 858139 
600 0 |a Moreno Méndez , Alberto,  |d 1886-1918  |9 868507 
600 0 7 |a ACUÑA, CARLOS  |2 CL-VaPUC  |9 390322 
600 0 7 |a VERDUGO CAVADA, IGNACIO  |2 CL-VaPUC  |9 390323 
600 0 |a Munizaga Ossandon, Julio  |e autor  |9 390324 
600 0 |a Muñoz Medina, Guillermo,  |d 1887-1934  |9 870610 
600 0 7 |a PRENDEZ SALDIAS, CARLOS  |2 CL-VaPUC  |9 390326 
600 0 7 |a HUBNER BEZANILLA, JORGE  |2 CL-VaPUC  |9 390327 
600 0 7 |a VEGA, DANIEL DE LA  |2 CL-VaPUC  |9 390328 
600 0 7 |a PONCE, ENRIQUE  |2 CL-VaPUC  |9 390329 
600 0 7 |a BARELLA, CARLOS  |2 CL-VaPUC  |9 390330 
600 0 7 |a CRUCHAGA SANTA MARIA, ANGEL  |2 CL-VaPUC  |9 352821 
600 0 |a Wilms Montt, Teresa  |9 390331 
600 0 7 |a SIENNA, PEDRO  |2 CL-VaPUC  |9 374289 
600 0 7 |a ZAÑARTU, SADY  |2 CL-VaPUC  |9 390332 
600 0 7 |a ARZE BASTIDAS, ELIAS  |2 CL-VaPUC  |9 390333 
600 0 7 |a MORGAD, LUCIANO  |2 CL-VaPUC  |9 390334 
600 0 7 |a DONOSO GONZALEZ, FRANCISCO  |2 CL-VaPUC  |9 390335 
600 0 7 |a VALDIVIA, ALBERTO  |2 CL-VaPUC  |9 390336 
600 0 7 |a GUZMAN CRUCHAGA, JUAN  |2 CL-VaPUC  |9 390337 
600 0 7 |a Iglesias, Augusto  |d 1897-1975  |9 857995 
600 0 7 |a GARCIA, LAUTARO  |2 CL-VaPUC  |9 390339 
600 0 7 |a ELIM, MIRIAM  |2 CL-VaPUC  |9 390340 
600 0 7 |a ACEVEDO, OLGA  |2 CL-VaPUC  |9 390341 
600 0 7 |a LE QUESNE, MARIA ANTONIETA  |2 CL-VaPUC  |9 390342 
600 0 7 |a GOMEZ ROJAS, JOSE DOMINGO  |2 CL-VaPUC  |9 390343 
600 0 7 |a PERRY, DAVID ENRIQUE  |2 CL-VaPUC  |9 390344 
600 0 7 |a MORAGA BUSTAMANTE, GERARDO  |2 CL-VaPUC  |9 390345 
600 0 7 |a ROKHA, WINETT DE  |2 CL-VaPUC  |9 390346 
600 0 7 |a Rokha, Pablo de,  |d 1894-1968  |9 879664 
600 0 |a García-Huidobro Fernández, Vicente,  |d 1893-1948  |9 858153 
650 0 |a Poesía chilena   |9 268403 
650 0 |a Historia y crítica   |9 257407 
650 0 |a Literatura chilena   |9 308278 
650 0 |a Crítica e interpretación   |9 255042 
651 7 |a CHILE  |2 CL-VaPUC  |9 390347 
852 |a BIBCUR 
942 |c BK  |2 ddc 
945 |d 19970801 00:00:00  |a jquezada 
952 |0 0  |1 0  |4 0  |6 CH_861_900000000000000_ANT_1996  |7 0  |8 A  |9 288956  |a BIBEDU  |b BIBEDU  |d 2019-11-19  |h v.1  |i 3336301  |l 1  |o Ch861.9 ANT 1996  |p 3336301  |r 2022-09-21  |s 2022-09-08  |w 2019-11-19  |y BK  |k LIT 
952 |0 0  |1 0  |4 0  |6 CH_861_900000000000000_ANT_1996  |7 0  |8 A  |9 288957  |a FDOPOS  |b FDOPOS  |d 2019-11-19  |h v.1  |i 3336328  |o Ch861.9 ANT 1996  |p 3336328  |r 2025-01-22  |w 2019-11-19  |y BK  |k MLH 
952 |0 0  |1 0  |4 0  |6 CH_861_900000000000000_ANT_1996  |7 0  |8 A  |9 288958  |a BIBEDU  |b BIBEDU  |d 2019-11-19  |h v.2  |i 3692825  |l 2  |o Ch861.9 ANT 1996  |p 3692825  |r 2023-11-16  |s 2023-11-16  |w 2019-11-19  |y BK  |k LIT 
952 |0 0  |1 0  |4 0  |6 CH_861_900000000000000_ANT_1996  |7 0  |8 A  |9 288959  |a BIBEDU  |b BIBEDU  |d 2019-11-19  |h v.1  |i 3802760  |l 2  |o Ch861.9 ANT 1996  |p 3802760  |r 2022-10-24  |s 2022-10-24  |w 2019-11-19  |y BK  |k LIT 
952 |0 0  |1 0  |4 0  |6 CH_861_900000000000000_ANT_1996  |7 0  |8 A  |9 288960  |a BIBEDU  |b BIBEDU  |d 2019-11-19  |h v.2  |i 3802787  |l 1  |o Ch861.9 ANT 1996  |p 3802787  |r 2023-04-13  |s 2023-04-03  |w 2019-11-19  |y BK  |k LIT